| 000 | 00840cam a2200253 a 4500 | ||
|---|---|---|---|
| 008 | |||
| 020 | _a9780754660620 (hbk.) | ||
| 049 | _aMAIN | ||
| 090 |
_aNA2706.E85 _bBOR |
||
| 100 | 1 | _aBork, Robert Odell. | |
| 245 | 1 | 4 |
_aThe geometry of creation : _barchitectural drawing and the dynamics of gothic design / _cRobert Bork. |
| 260 |
_aFarnham, U.K : _bAshgate, _cc2011. |
||
| 300 |
_axxi, 462 p. : _bill. ; _c29 cm. |
||
| 500 | _aIncludes index. | ||
| 504 | _aIncludes bibliographical references. | ||
| 650 | 0 | _aArchitectural drawing, Medieval. | |
| 650 | 0 |
_aArchitecture, Gothic _vDesigns and plans. |
|
| 650 | 0 |
_aGeometry in architecture _zEurope. |
|
| 907 |
_a.b10383670 _b25-09-17 _c25-09-17 |
||
| 003 | |||
| 005 | 20230123122259.0 | ||
| 040 | _cNUST | ||
| 942 |
_cBOOKS _kNA2706.E85 _mBOR |
||
| 999 |
_c130927 _d130927 |
||